Parole Giapponesi usate in italiano - Statistics

Statistiche generali
  • Questo quiz è stato fatto 3.023 volte
  • Il punteggio medio è 15 su 22
Statistiche sulle risposte
Definizione Parola % Corretto
Riso e pesce crudo Sushi
97%
Fumetto giapponese Manga
93%
Albero miniaturizzato Bonsai
92%
Arte marziale che significa "via della mano vuota" Karate
88%
Piegatura artistica della carta Origami
87%
Grande onda marina causata da spostamenti sismici Tsunami
87%
Aviatore suicida Kamikaze
80%
Lunga spada arcuata Katana
80%
Abito formale giapponese Kimono
79%
Condimento verde utilizzato con quanto sopra Wasabi
77%
Cantare insieme alla musica preregistrata Karaoke
76%
Puzzle 9x9 con numeri Sudoku
75%
Cavaliere appartenente alla casta militare del Giappone medioevale Samurai
70%
Lotta giapponese ricca di elementi rituali Sumo
67%
Una specie di formaggio a base di soja Tofu
64%
Donna che intratteneva gli ospiti con canti e balli Geisha
61%
Liquore derivato dal riso Sake
61%
Verdure fritte leggermente pastellate, ecc.. Tempura
56%
Spia o mercenari del Giappone feudale Ninja
43%
Carpa ornamentale Koi
42%
Poesia di 17 sillabe Haiku
35%
Sovrano militare del Giappone feudale Shogun
27%
Nessun quiz corrispondente trovato
Distribuzione punteggi
Percentuale di utenti per punteggio
Percentile per numero di risposta
I tuoi punteggi nel tempo
Non hai fatto questo quiz